Catalog

Record Details

Catalog Search



Bitra and the witch / written and illustrated by ... Read More

Elkerton, Andy,(author,, illustrator.).

Available copies

  • 1 of 1 copy available at LARL/NWRL Consortium.
  • 1 of 1 copy available at Northwest Regional Library. (Show preferred library)

Current holds

0 current holds with 1 total copy.

Show Only Available Copies
Location Call Number / Copy Notes Barcode Shelving Location Status Due Date
Karlstad LINK Site e ELK (Text) 35500006772725 Main Available -

Record details

  • ISBN: 9781445158402
  • ISBN: 144515840X
  • ISBN: 9781445158419
  • ISBN: 1445158418
  • Physical Description: 32 pages : color illustrations ; 22 cm
  • Publisher: London : Franklin Watts, 2017.

Content descriptions

Summary, etc.:
The sea witch has captured the viking heroes and ... Read More
Target Audience Note:
Ages 5-8.
Reading level guideance book band: 11 lime.
Subject: Vikings > Juvenile fiction.
Witches > Juvenile fiction.
Magic > Juvenile fiction.
Mythology, Norse > Juvenile fiction.
Magic.
Mythology, Norse.
Vikings.
Witches.
Genre: Children's stories.
Fantasy fiction.
Fiction.
Juvenile works.
Fantasy fiction.
LDR 02459cam a2200613Mi 4500
001435359
003LARL_NWRL_CONSORTIUM
00520240404203321.0
008180115t20172017enka j 000 1 eng
040 . ‡aAU@ ‡beng ‡erda ‡cAU@ ‡dOCLCF ‡dOCLCO ‡dNZHWP ‡dOCLCQ ‡dOCLCO ‡dUKMGB ‡dOCLCQ ‡dUNITY ‡dOCLCO ‡dOCLCL
015 . ‡aGBB7F8639 ‡2bnb
0167 . ‡a018494980 ‡2Uk
020 . ‡a9781445158402 ‡q(hbk.)
020 . ‡a144515840X ‡q(hbk.)
020 . ‡a9781445158419 ‡q(hbk.)
020 . ‡a1445158418 ‡q(hbk.)
035 . ‡a(OCoLC)1019690252
08204. ‡a823.92 ‡223
1001 . ‡aElkerton, Andy, ‡eauthor, ‡eillustrator.
24510. ‡aBitra and the witch / ‡cwritten and illustrated by Andy Elkerton.
264 1. ‡aLondon : ‡bFranklin Watts, ‡c2017.
264 4. ‡c©2017
300 . ‡a32 pages : ‡bcolor illustrations ; ‡c22 cm
336 . ‡atext ‡btxt ‡2rdacontent
336 . ‡astill image ‡bsti ‡2rdacontent
337 . ‡aunmediated ‡bn ‡2rdamedia
338 . ‡avolume ‡bnc ‡2rdacarrier
4900 . ‡aViking adventures
520 . ‡aThe sea witch has captured the viking heroes and put them under her spell. Bitra and her friend Oolaf set off to rescue them.
521 . ‡aAges 5-8.
521 . ‡aReading level guideance book band: 11 lime.
650 0. ‡aVikings ‡vJuvenile fiction.
650 0. ‡aWitches ‡vJuvenile fiction. ‡0(LARL_NWRL_CONSORTIUM)168005
650 0. ‡aMagic ‡vJuvenile fiction. ‡0(LARL_NWRL_CONSORTIUM)165990
650 0. ‡aMythology, Norse ‡vJuvenile fiction.
650 7. ‡aMagic. ‡2fast ‡0(LARL_NWRL_CONSORTIUM)24943
650 7. ‡aMythology, Norse. ‡2fast ‡0(LARL_NWRL_CONSORTIUM)26465
650 7. ‡aVikings. ‡2fast ‡0(LARL_NWRL_CONSORTIUM)33954
650 7. ‡aWitches. ‡2fast ‡0(LARL_NWRL_CONSORTIUM)38791
655 0. ‡aChildren's stories.
655 7. ‡aFantasy fiction. ‡2fast
655 7. ‡aFiction. ‡2fast
655 7. ‡aJuvenile works. ‡2fast
655 7. ‡aFantasy fiction. ‡2lcgft
901 . ‡a435359 ‡bAUTOGEN ‡c435359 ‡tbiblio

Additional Resources